000 00291nam a22001337a 4500
008 171124b xxu||||| |||| 00| 0 eng d
020 _a9780521646857
041 _aeng
080 _a574
100 _a9
101 _aMJE
245 _aFEEDING THE TEN BILLION
_cEVANS,L.T
942 _2udc
_cBK
999 _c38482
_d38482